Ťahať za spoločný povraz

Bibliographic Details
Main Author: Kružliak, Imrich, 1914-2019 (Author)
Format: Article
Language:Slovak
Subjects:

MARC

LEADER 00000nab a2200000 a 4500
001 vtls000468308
003 SK-MaSNL
005 20260426072330.0
008 150205c xo 0 slo
015 |a SNBRB19rr/mm-uuuuu 
035 |a CL0468441 
040 |a SNKBUCL  |b slo  |c SNKBUCL  |e AACR2 
041 0 |a slo 
044 |a xo  |c SK 
080 |a 342.15(437.6)  |2 1981 
100 1 |a Kružliak, Imrich,  |d 1914-2019  |4 aut  |9 105619 
245 1 0 |a Ťahať za spoločný povraz  |c Imrich Kružliak 
650 0 7 |a zvrchovanosť Slovenska  |2 snkbucl  |9 970892 
651 7 |a Slovensko  |2 snkbucl  |9 14231 
655 7 |a články z novín a časopisov  |2 snkbucl  |9 267496 
773 0 |t Slovenské národné noviny  |g Roč. 3(7), č. 43 (1992), s. /1/ a 3 
850 |a Slovenská národná knižnica v Martine  |a MTA001 
852 |a SNK  |b KIS3GCP 
958 |a RK 
992 |a RBX 
999 |c 2687513  |d 2689443